Informácia o projekte reaudit trombolytickej liečby

Podrobná bibliografia
Hlavní autori: Trnovec, Tomáš, 1932- (Autor), Cagáň, Stanislav, 1932-2006 (Autor), Povolovič, Milan (Autor), Besedová, Ivana (Autor), Wimmerová, Soňa, 1953- (Autor)
Médium: Článok
Jazyk:slovenčina
Fyzický popis:Obr.
ISSN:0457-4214
Predmet:

MARC

LEADER 00000nab a2200000 a 4500
001 vtls000881738
003 SK-MaSNL
005 20260304132001.0
008 250429c2004 xo 0 slo
015 |a SNBRB2004/08-24441 
035 |a CLN000233244 
035 |a urn:nbn:sk:snk-ab6mh0 
035 |a (uuid)a01002a2-e94c-4594-b117-31b8bfb2c7b9 
035 |a (urnnbn)urn:nbn:sk:snk:ar-005hil 
035 |a (sysno)vtls000881738 
040 |a SNKBUCL  |b slo  |c SNKBUCL  |e AACR2 
041 0 |a slo 
044 |a xo  |c SK 
080 |a 614.2:616.127-005.8-085  |2 1997 
245 0 0 |a Informácia o projekte reaudit trombolytickej liečby  |c Stanislav Cagáň ... [et al.] 
246 1 1 |a Information on project of thrombolytic treatment reaudit 
300 |b Obr. 
650 0 7 |a audit lekárskej starostlivosti  |2 MESH  |9 1074760 
650 0 7 |a poskytovanie zdravotníckej starostlivosti  |2 MESH  |9 1112956 
650 0 7 |a trombolytická terapia  |2 MESH  |9 205011 
650 0 7 |a infarkt myokardu  |x diagnostika  |x terapia  |2 MESH  |9 873120 
655 7 |a články z novín a časopisov  |2 snkbucl  |9 267496 
700 1 |a Trnovec, Tomáš,  |d 1932-  |4 aut  |9 202738 
700 1 |a Cagáň, Stanislav,  |d 1932-2006  |4 aut  |9 14086 
700 1 |a Povolovič, Milan  |4 aut  |9 1446223 
700 1 |a Besedová, Ivana  |4 aut  |9 526125 
700 1 |a Wimmerová, Soňa,  |d 1953-  |4 aut  |9 14087 
773 0 |t Lekársky obzor  |g Roč. 53, č. 5 (2004), s. 193-195  |x 0457-4214 
850 |a Slovenská národná knižnica 
852 |a Slovenská národná knižnica 
954 |a odborná, vedecká literatúra pôvodná (slovenská)  |2 lita 
958 |a article2022 
958 |a OND 
958 |a MI 
958 |a EUIPO 
992 |a RBX 
999 |c 2898078  |d 2900008